书目信息 |
| 题名: |
团旗为什么这样红
|
|
| 作者: | ||
| 分册: | ||
| 出版信息: | 北京 中国青年出版社 1981.09 |
|
| 页数: | 243页 | |
| 开本: | 19cm | |
| 丛书名: | ||
| 单 册: | ||
| 中图分类: | K262.09 , I251 | |
| 科图分类: | ||
| 主题词: | 报告文学--中国 , 传记文学--中国 | |
| 电子资源: | ||
| ISBN: | ||
| 000 | 00570nam0 2200217 45 | |
| 001 | 0405181751 | |
| 005 | 20070726082702.75 | |
| 010 | @dCNY0.53 | |
| 091 | @a11009.107 | |
| 100 | @a20040518d1981 km y0chiy0120 ea | |
| 101 | 0 | @achi |
| 105 | @a z 000yy | |
| 200 | 1 | @a团旗为什么这样红@Atuan qi wei shi mo zhe yang hong |
| 210 | @a北京@c中国青年出版社@d1981.09 | |
| 215 | @a243页@d19cm | |
| 606 | 0 | @a报告文学@x中国 |
| 606 | 0 | @a传记文学@x中国 |
| 690 | @aK262.09@v3 | |
| 690 | @aI251@v4 | |
| 801 | @aCN@bPftUser@c20070726 | |
| 905 | @f1@b67734@f1@b67731@dI251@e248 | |
| 团旗为什么这样红.-北京:中国青年出版社,1981.09 |
| 243页;19cm |
| ISBN :CNY0.53 |
| ● |
| 相关链接 |
|
|
|
|
正题名:团旗为什么这样红
索取号:I251/248
 
预约/预借
| 序号 | 登录号 | 条形码 | 馆藏地/架位号 | 状态 | 备注 |
| 1 | 0067731 | 000356000 | 第二借阅区/ [索取号:I251/248] | 在馆 | |
| 2 | 0067732 | 001615942 | 密集书库/ [索取号:I251/248] | 在馆 | |
| 3 | 0067734 | 000355939 | 密集书库/ [索取号:I251/248] | 在馆 |